000 00278 a2200109 4500
001 39034
082 _a519.402855369 HAN
090 _c24636
_d24636
100 _aHanselman Duane; Bruce Littlefield
245 _aMastering MATLAB
260 _aU S A
_bPrentice Hall
_c1996
942 _aNUST-CAE
_k519.402855369 HAN
999 _c274107
_d274107